000 01781nam a2200277 i 4500
003 IT-RoINE
005 20230417140601.0
008 900725s1965 sp r | spa d
245 0 0 _aDocumentos para la Historia del Monasterio de San Lorenzo el Real de El Escorial.
_pVIII.
260 _aMadrid :
_bImprenta del Real Monasterio,
_c1965.
300 _a329 p. ;
_c24 cm.
336 _2rdacontent
_atext
337 _2rdamedia
_aunmediated
338 _2rdacarrier
_avolume
505 0 _g1. Diurnal de Antonio Gracián, secretario de Felipe II : (años 1571 y 1574) -- 2. Relaciones sobre los incendios del Monasterio de el Escorial -- 3. Relación de las pinturas enviadas a Felipe II desde Roma para El Escorial en 1587 -- 4. Correspondencia epistolar entre Felipe IV y el P. Nicolás de Madrid sobre la construcción del Panteón de Reyes (1654) -- 5. Correspondencia epistolar entre Carlos II y el Prior del Monasterio de El Escorial P. Alonso de Talavera sobre las pinturas al fresco de Lucas Jordán (1692-1694) -- 6. Descripción de la fontanería del Monasterio de El Escorial hecha en 1645 / editados y prologados por Gregorio de Andrés.
600 1 4 _963264
_aGracián Dantisco, Antonio,
_dca. 1540-1576
600 0 0 _aFelipe
_bII,
_cRey de España,
_d1527-1598
_99965
600 0 4 _96056
_aFelipe
_bIV,
_cRey de España,
_d1605-1665
600 0 4 _914982
_aCarlos
_bII,
_cRey de España,
_d1661-1700
600 0 4 _aAlonso de Talavera,
_bObispo de Cádiz,
_cm. 1714
_963269
600 0 4 _aGiordano, Luca,
_d1632-1705
_963270
610 2 4 _924857
_aMonasterio de El Escorial (San Lorenzo de El Escorial, España)
_xHistoria
_xFuentes
600 0 4 _963268
_aNicolás de Madrid,
_cObispo de Astorga,
_d1600-1660
700 1 _aAndrés, Gregorio de,
_cO.S.A.,
_d1919-2005
_99849
942 _cMTS
999 _c32262
_d32262